000
00299nam a22001337a 4500
008
171220b xxu||||| |||| 00| 0 eng d
020
_a
0306426242
041
_a
eng
080
_a
61
100
_a
3
101
_a
shm
245
_a
prevention in clinical practice
_c
becker.d.m
942
_2
udc
_c
BK
999
_c
39223
_d
39223